000 00617nam a2200241Ia 4500
003 OSt
005 20221007095120.0
006 a|||||r|||| 00| 0
007 ta
008 221006b |||||||| |||| 00| 0 eng d
024 _a888
037 _cTextual
040 _aLCO
_cLCO
_beng
041 _2eng
_aeng
082 _aY:45:6, M1
100 _aWilliams H.J.E.
_9700819
245 0 _aCriminology and Criminal Justice
260 _aLondon
_bButterworths U.K.
_c1982
300 _a266
650 _aCRIMINOLOGY
942 _hY:45:6, M1
_cTEXL
999 _c1170451
_d1170451